00582npc a2200169Ia 4500001001300000003001000013008004100023040002500064041000700089100001100096245012000107250001100227260002300238300001100261500012400272650001600396ist74-32945 IT-MiCISF161014s9999||||xx | und|| aIT-MiCISFcIT-MiCISF ait aAA.VV. 0aCultura, socialità e tempo liberobIndagine multiscopo sulle famiglie. "Aspetti della vita quotidiana". Anno 1998 a1a ed. a RomabIstatc2000 app. 77 a Istituto Nazionale di Statistica - contiene floppy disk / popolazione, cultura, tempo-libero, statistica, massmedia /  apopolazione